| 000 | 01396nam a22003737a 4500 | ||
|---|---|---|---|
| 003 | CHAP | ||
| 005 | 20220817041924.0 | ||
| 008 | 971013s1982 r 00010 d | ||
| 010 | _a28827 | ||
| 011 | _a29799 | ||
| 035 | _a33910 | ||
| 040 | _cCHAP | ||
| 082 |
_a333.0972 _bL4 |
||
| 100 | 0 | 0 |
_aLeal, Juan Felipe. _965326 |
| 245 | _aEconomía y sistema de haciendas en México; la hacienda pulquera en el cambio, siglos XVIII, XIX y XX | ||
| 260 |
_aMéxico : _bERA, _c1982 |
||
| 300 | _a200 p. | ||
| 490 | _aColección problemas de México | ||
| 590 |
_aBATCH-UPD _b10 _c20130110 _lUCH01 _h1402 |
||
| 590 |
_aBATCH-UPD _b10 _c20130410 _lUCH01 _h0853 |
||
| 590 |
_aBATCH-UPD _b10 _c20130914 _lUCH01 _h1005 |
||
| 590 |
_aCONVERSION _b10 _c20130109 _lUCH01 _h1316 |
||
| 650 | 1 | 4 |
_aPulque. _993009 |
| 650 | 1 | 4 |
_aTierras _xTenencia _xHistoria. _9113171 |
| 650 | 1 | 4 |
_aTierras _xTenencia _zMéxico (Edo.). _9113216 |
| 700 | 0 |
_aHuacuja Rountree, Mario. _956569 |
|
| 830 | 0 | _aColección problemas de México | |
| 901 | _aBK | ||
| 942 | _cLIBRO | ||
| 949 |
_a333.0972 L4 _bBC _cLIBRO _d33724000324265 _eLIBRO _fc.4 _h66882 _i33910 _si _t613.00 |
||
| 949 |
_a333.0972 L4 _bBC _cLIBRO _d33724000324273 _eLIBRO _fc.3 _h66881 _i33910 _si _t613.00 |
||
| 949 |
_a333.0972 L4 _bBC _cLIBRO _d33724000324281 _eLIBRO _fc.2 _h62661 _i33910 _si _t613.00 |
||
| 949 |
_a333.0972 L4 _bBC _cLIBRO _d33724000324299 _eLIBRO _h62660 _i33910 _si _t613.00 |
||
| 999 |
_c28827 _d28827 |
||